000 00598nam a2200193Ia 4500
005 20260114185612.0
008 008 260114s9999 xx 000 0 eng d
020 _a9781474279376
037 _aEBOOK
040 _aCRL
_beng
_cCRL
041 _aeng
_2eng
084 _qCRL
100 _aChristopher R. Hill
_9872094
245 0 _aPeace and Power in Cold War Britain Media, Movements and Democracy, c.1945-68
260 _bBloomsbury
_c2018
856 _uhttps://doi.org/10.5040/9781474279376?locatt=label:secondary_bloomsburyCollections
942 _cEBOOK
999 _c1471042
_d1471042